00511nam a22001337a 4500082001500000100002500015245010700040260005400147300001100201563000800212942001200220999001900232952012600251 a923.5bCHA aChaudhry, Zafar Aziz aMoments in silence : ba miscellany of selected essays and some other writings / cZafar Aziz Chaudhry aLahore :bSh. Ghulam Ali & Sons (pvt) Ltd,c2018. a312 p. aHB. 2ddccBK c613696d613696 00102ddc406923_500000000000000_CHA709639637aNLSbNLSd2025-05-12l0o923.5 CHApNLSD-33r2025-05-12w2025-05-12yBK